| 000 | 00469nam a2200169 4500 | ||
|---|---|---|---|
| 001 | 145410 | ||
| 003 | ES-MaACL | ||
| 005 | 20230906201227.0 | ||
| 007 | t| | ||
| 008 | 070214s1969 sp r ||||1| spa d | ||
| 100 | 1 |
_aStenuit, Robert. _9108095 |
|
| 245 | 1 | 0 |
_aTesoros y galeones hundidos / _cRobert Stenuit. |
| 250 | _a[1ยช ed.]. | ||
| 260 |
_aBarcelona : _bJuventud, _c[1969] ( _fA. G. Ponsa) |
||
| 300 |
_a226 p. ; _c18 cm. |
||
| 852 |
_aES-MaACL _jC-37074 _bR.68934 |
||
| 999 |
_c145410 _d145410 |
||